The Lielvārde belt
| Titel: | The Lielvārde belt : from ancient to modern times / Text and design author Raimonda Strode |
|---|---|
| Verfasser: | |
| Veröffentlicht: | Rīga : J.L.V., [2017] |
| Umfang: | 110 Seiten : Illustrationen |
| Format: | Buch |
| Sprache: | Englisch |
| Einheitssachtitel: | Lielvārdes josta |
| ISBN: | 9789934210020 |
alg: 42838731 001A $03004:11-04-18 001B $03004:05-07-18 $t10:01:25.000 001C $03004:11-04-18 $t08:01:10.000 001D $03004:15-05-18 001U $0utf8 001X $00 002@ $0Aau 002C $aText $btxt $2rdacontent 002D $aohne Hilfsmittel zu benutzen $bn $2rdamedia 002E $aBand $bnc $2rdacarrier 003@ $0428387314 004A $A9789934210020 007A $0428387314 $aHEB 010@ $aeng 010E $erda 011@ $a2017 $n[2017] 021A $aThe @Lielvārde belt $dfrom ancient to modern times $hText and design author Raimonda Strode 022A $aLielvārdes josta 028A $BVerfasser $4aut $7 $8Strode, Raimonda [Tnu] $9421352035 033A $pRīga $nJ.L.V. 034D $a110 Seiten 034M $aIllustrationen 037A $aLiteraturverzeichnis Seite 110 044K $#Lettland $#Lettland $#Latvija $#Latvijas Republika $#Lettische Republik $#Lettische SSR $#Latvijskaja SSR $74074187-4 $8Lettland [Tg1] $9085208876 044K $RKleidung $#Ethnic costume $#Costume $#Bauerntracht $#Volkstracht $#Trachten $#Festtracht $74060554-1 $8Tracht [Ts1] $9085168068 044K $RSymbolik $RZeichen $#Signs and symbols $#Signes et symboles $#Signos y símbolos $#Symbol $#Sinnbild $#Symbole $74058716-2 $8Symbol [Ts1] $9085163295 044K $RReligionsethnologie $#Religion primitive $#Religiones primitivas $#Naturreligion $#Naturreligion $#Naturvolk Religion $#Elementarreligion $#Primitive Religion $#Stammesreligion $#Naturreligionen $#Indigene Religion $#Traditionelle Religion $#Traditionale Religion $74041412-7 $8Ethnische Religion [Ts1] $908511345X 044K $RKleidung $#Belts (Clothing) $#Ceintures $#Cinture $74158508-2 $8Gürtel [Ts1] $9085685380 044K $#Lennewarden $74648983-6 $8Lielvārde [Tg1] $9099991888 045F $a390.094796 $eDDC23BSB 045F/01 $a390 045F/03 $g4796 lok: 42838731 24 exp: 42838731 24 1 #EPN 201B/01 $016-05-18 $t08:12:29.000 201C/01 $011-04-18 201U/01 $0utf8 203@/01 $01020969024 208@/01 $a11-04-18 $bz 209A/01 $a18.03598 $du $f050 $h18 03598 $x00 209C/01 $a18.03598 K $h18 03598 K 209G/01 $a74104134 $x00 220C/01 $amar 247C/01 $8358050-7Marburg, Bibliothek des Herder-Instituts Marburg $9102600961 lok: 42838731 78 exp: 42838731 78 1 #EPN 201B/01 $002-07-18 $t13:05:04.000 201C/01 $002-07-18 201U/01 $0utf8 203@/01 $01024045544 208@/01 $a02-07-18 $be 209A/01 $a/ $f000 $x00 209A/01 $ab*p $x01 220C/01 $apgar 244Z/01 $#Lettland $#Lettland $#Latvija $#Latvijas Republika $#Lettische Republik $#Lettische SSR $#Latvijskaja SSR $74074187-4 $8--Tg1--Lettland $x01 $9085208876 247C/01 $82080>Marburg/Lahn, Herder-Institut, Forschungsbibliothek, Bibliographieportal $9336309341
| LEADER | 00000cam a2200000 c 4500 | ||
|---|---|---|---|
| 001 | 428387314 | ||
| 003 | DE-603 | ||
| 005 | 20180705100125.0 | ||
| 007 | tu | ||
| 008 | 180411s2017 xx |||| | u00||u|eng c | ||
| 020 | |a 9789934210020 | ||
| 035 | |a (DE-599)HEB428387314 | ||
| 040 | |a DE-603 |b ger |c DE-603 |d DE-603 |e rda | ||
| 041 | |a eng | ||
| 082 | 0 | 4 | |8 1\u |a 390.094796 |q DE-101 |2 23/BSB |
| 085 | |8 1\u |b 390 | ||
| 085 | |8 1\u |z 2 |s 4796 | ||
| 100 | 1 | |a Strode, Raimonda |e Verfasser |4 aut |0 (DE-603)421352035 | |
| 240 | 1 | 0 | |a Lielvārdes josta |
| 245 | 0 | 0 | |a The Lielvārde belt |b from ancient to modern times |c Text and design author Raimonda Strode |
| 264 | 1 | |a Rīga |b J.L.V. |c [2017] | |
| 300 | |a 110 Seiten |b Illustrationen | ||
| 336 | |a Text |b txt |2 rdacontent | ||
| 337 | |a ohne Hilfsmittel zu benutzen |b n |2 rdamedia | ||
| 338 | |a Band |b nc |2 rdacarrier | ||
| 500 | |a Literaturverzeichnis Seite 110 | ||
| 650 | 7 | |a Tracht |0 (DE-588)4060554-1 |0 (DE-603)085168068 |2 gnd | |
| 650 | 7 | |a Symbol |0 (DE-588)4058716-2 |0 (DE-603)085163295 |2 gnd | |
| 650 | 7 | |a Ethnische Religion |0 (DE-588)4041412-7 |0 (DE-603)08511345X |2 gnd | |
| 650 | 7 | |a Gürtel |0 (DE-588)4158508-2 |0 (DE-603)085685380 |2 gnd | |
| 651 | 7 | |a Lettland |0 (DE-588)4074187-4 |0 (DE-603)085208876 |2 gnd | |
| 651 | 7 | |a Lielvārde |0 (DE-588)4648983-6 |0 (DE-603)099991888 |2 gnd | |
| 924 | 0 | |9 Mb 50 |a (DE-603)1020969024 |b DE-Mb50 |c HES |d c |g 18.03598 | |
| 924 | 0 | |9 2080 |a (DE-603)1024045544 |b DE-2080 |c HES |d d |g / | |


